Canadian Capital Cities by Population - Statistics

General Stats
  • This quiz has been taken 13 times
  • The average score is 7 of 13
Answer Stats
Hint Answer % Correct
1 Toronto
100%
2 Edmonton
75%
4 Quebec City
75%
10 Charlottetown
63%
6 Halifax
63%
8 St. John's
63%
5 Victoria
63%
3 Winnipeg
63%
7 Regina
50%
13 Iqaluit
38%
12 Yellowknife
38%
9 Fredericton
25%
11 Whitehorse
25%
No matching quizzes found
Score Distribution
Percent of People with Each Score
Percentile by Number Answered
Your Score History
You have not taken this quiz